Country by Celebrity - Statistics

General Stats
  • This quiz has been taken 354 times
    111 since last reset
  • The average score is 30 of 59
Answer Stats
Hint Answer % Correct
Britney Spears USA
100%
David Beckham UK
96%
Lionel Messi Argentina
92%
Justin Bieber Canada
90%
Cristiano Ronaldo Portugal
88%
Heidi Klum Germany
87%
Penelope Cruz Spain
85%
Kylie Minogue Australia
82%
Bruce Lee China
81%
David Guetta France
78%
Yoko Ono Japan
76%
Shakira Colombia
74%
Salma Hayek Mexico
74%
Valentino Rossi Italy
72%
Robyn Sweden
70%
Bono Ireland
69%
Rihanna Barbados
66%
Priyanka Chopra India
66%
Bob Marley Jamaica
66%
Jungkook South Korea
64%
Mila Kunis Ukraine
62%
Conchita Wurst Austria
61%
Bjork Iceland
58%
Kygo Norway
58%
Marie Curie Poland
57%
Luis Suarez Uruguay
57%
Lorde New Zealand
56%
Roger Federer Switzerland
56%
Kimi Raikkonen Finland
54%
Audrey Hepburn Belgium
52%
Pedro Pascal Chile
52%
Novak Dokovik Serbia
52%
Charlize Theron South Africa
49%
Gloria Estefan Cuba
48%
Dua Lipa Albania
47%
Denmark
47%
Melania Trump Slovenia
46%
Martin Garrix Netherlands
45%
Maria Callas Greece
43%
Mario Vargas Llosa Peru
42%
Lele Pons Venezuela
40%
Bar Rafaeli Israel
36%
Evo Morales Bolivia
34%
Sebastian Stan Romania
30%
Nicki Minaj Trinidad & Tobago
30%
Grace Kelly Monaco
28%
Can Yaman Turkey
28%
Kofi Anan Ghana
27%
Burna Boy Nigeria
27%
Samuel Eto'o Cameroon
26%
Giselle Bundchen Brasil
25%
La Lisa Thailand
22%
Akon Senegal
13%
Ricardo Arjona Guatemala
12%
Muammar Gadaffi Lybia
11%
Guy Sebastian Malaysia
11%
Karolina Kurkova Czech Republic
9%
Nymphia Wind Taiwan
9%
Imelda Marcos Philipines
6%
No matching quizzes found
Score Distribution
Percent of People with Each Score
Percentile by Number Answered
Your Score History
You have not taken this quiz since the last reset